000 01109nam a22003497a 4500
001 29913774
003 KWIU
005 20241223114321.0
008 980429n1994 xx u001 0 eng u
010 _a 94000955
020 _a9789352709878
025 _a000000081230
040 _aDNLM/DLC
_cDLC
_beng
041 _aeng
049 _aVZYMN, VZYM
080 _a616
_bO-88
100 1 _aO'Sullivan, Susan B.
245 1 0 _aPhysical rehabilitation :
_c/ by F.A. Davis Company
250 _a7rd edition
260 _aPhiladelphia
_bF.A. Davis Company
_cc2019
300 _axiii, 1476 p.
_bill.
504 _aIncludes bibliographical references and index.
650 2 _aPhysical Therapy
_xmethods.
650 0 _aPhysical Medicine
_9673
650 2 _aDisability Evaluation.
650 2 _aOrthopedic Equipment.
653 _aფიზიკური მედიცინა
653 _aფიზიკური თერაპია
653 _aფიზიკური შეზღუდვების შეფასება
700 1 _aSchmitz, Thomas J.
942 _2udc
_cBK
_e3
999 _c2269
_d2269